| 000 | 00774nam a22002417a 4500 | ||
|---|---|---|---|
| 003 | dpl | ||
| 005 | 20180802151358.0 | ||
| 008 | 180713b xxu||||| |||| 00| 0 eng d | ||
| 010 | _aB-129766 | ||
| 020 |
_c295.00 _a9780195667486 |
||
| 035 | _aB-129766,B-129767, B-129767, B-129773 | ||
| 037 | _bCen Lib/Ret | ||
| 040 |
_aDPL _bEN _c0 |
||
| 082 |
_a574.87 _bLES |
||
| 100 |
_aLesk, Arthur M. _922149 |
||
| 245 |
_aIntroduction to bioinformatics / _cby Arthur M.Lesk |
||
| 260 |
_aNew Delhi _bOxford university press _c2004 |
||
| 270 |
_aYMCA library building Jai Singh Road _bNew Delhi _e110001 |
||
| 300 |
_a283p. : _c23cm(Hb) _bill. |
||
| 650 |
_aBioinformatics _99032 |
||
| 650 |
_aGenetics--Data processing _922150 |
||
| 942 |
_2ddc _cEN _h574.87 _mLES |
||
| 999 |
_c128005 _d128005 |
||